000 00765nam a2200193 a 4500
001 1674727
005 20250531111606.0
008 980122s1997 sz b 000 0 eng
020 _a2825412139
050 0 0 _aBV4460.7
_b.F33 1997
082 0 0 _a261.8/321969792
_221
245 0 0 _aFacing aids :
_bthe challenge, the churches' response :
_c a WCC study document.
260 _aGeneva, Switzerland :
_bWCC Publications,
_cc1997.
300 _aix, 116 p. ;
_c22 cm.
500 _aThe study document is the result of a meeting of the Central Committee of the World Council of Churches in Johannesburg, South Africa in 1994.
650 0 _aAIDS (Disease)
_xReligious aspects
_xChristianity.
710 2 _aWorld Council of Churches.
_bCentral Committee.
942 _2lcc
_cBK
_n0
999 _c6091
_d6091